000 00668nam a2200193Ia 4500
005 20250508154132.0
008 008 250505s9999 xx 000 0 eng d
037 _aDissertations
040 _aFEDL
_beng
_cFEDL
041 _aeng
_2eng
084 _a513, DES/DI
_qFEDL
100 _aDes Raj
245 0 _aConstruction of a diagnostic test in geometry for investigation into the difficulties of the students of class 9th in terms, concepts, definitions, theorems and riders up to the theorem
260 _c1966
300 _aii,76p.
546 _aM. Ed. Dissertations (Agra University)
942 _cDIS
_h513, DES/DI
999 _c1347907
_d1347907